[Event "XI Sants Open"]
[Site "Barcelona ESP"]
[Date "2009.08.22"]
[Round "2"]
[White "Almeida Quintana,O"]
[Black "Barbero Senidic,A"]
[Result "1-0"]
[WhiteElo "2524"]
[BlackElo "2210"]

1.d4 d5 2.c4 c6 3.Nf3 Nf6 4.Nc3 e6 5.e3 Nbd7 6.Qc2 Bd6 7.Bd3 a6 8.O-O dxc4
9.Bxc4 b5 10.Be2 O-O 11.Rd1 Qe7 12.e4 e5 13.Bg5 Bb7 14.dxe5 Nxe5 15.Nd4 Bc5
16.Kh1 h6 17.Bh4 Bxd4 18.Rxd4 c5 19.Nd5 Bxd5 20.Rxd5 g5 21.Bg3 Nxd5 22.exd5 Rad8
23.Rd1 Rfe8 24.h3 c4 25.b3 cxb3 26.Qxb3 Qc5 27.a4 Nc4 28.Bf3 bxa4 29.Qc3 a3
30.Kh2 a5 31.d6 Qb4 32.Qf6 Qb2 33.Rd4 Nb6 34.Be4 Re6 35.Bh7+  1-0

[Event "Open"]
[Site "Bratto ITA"]
[Date "2009.08.22"]
[Round "2"]
[White "Horvath,Cs1"]
[Black "Valsecchi,A"]
[Result "1-0"]
[WhiteElo "2522"]
[BlackElo "2372"]

1.d4 d5 2.c4 c6 3.Nc3 Nf6 4.e3 e6 5.Nf3 Nbd7 6.Qc2 Bd6 7.Bd3 dxc4 8.Bxc4 b5
9.Be2 Bb7 10.O-O O-O 11.Rd1 Qb8 12.e4 e5 13.dxe5 Nxe5 14.Nd4 Ng6 15.g3 Re8
16.Nf5 Bf8 17.a3 a5 18.Be3 b4 19.Na4 c5 20.Nxc5 Rc8 21.f3 Bxc5 22.Bxc5 Qe5
23.axb4 axb4 24.Rxa8 Bxa8 25.Ne7+ Nxe7 26.Bxe7 Re8 27.Bxb4 Bxe4 28.fxe4 Nxe4
29.Bf3 Ng5 30.Bg2 h5 31.Bc3 Qc5+ 32.Qf2  1-0

[Event "57th ch-HUN w"]
[Site "Eger HUN"]
[Date "2009.08.22"]
[Round "2"]
[White "Csatari,M"]
[Black "Vajda,S"]
[Result "0-1"]
[WhiteElo "2117"]
[BlackElo "2375"]

1.d4 d5 2.Nf3 e6 3.c4 c6 4.e3 Nf6 5.Nc3 a6 6.a4 c5 7.cxd5 exd5 8.Be2 Nc6
9.O-O Bd6 10.dxc5 Bxc5 11.Qc2 Be6 12.Rd1 Qe7 13.Nd4 O-O 14.Nxc6 bxc6 15.h3 a5
16.Bd3 h6 17.Ne2 Rfc8 18.Bd2 Bb4 19.Bc3 Bd7 20.Ng3 c5 21.Bf5 Bxc3 22.bxc3 Bxf5
23.Qxf5 Qe6 24.c4 dxc4 25.Qxe6 fxe6 26.Rdc1 Rab8 27.Rxc4 Rb4 28.Rac1 Nd7
29.Ne4 Rcb8 30.Kf1 Nb6 31.Rxb4 cxb4 32.Ke2 b3 33.Nc5 b2 34.Rb1 Nc4 35.Nd3 Rb3
36.Nc5 Rb4 37.Nd3 Rxa4 38.Nxb2 Ra2 39.Kd3 Rxb2 40.Ra1 Ne5+  0-1

[Event "6th Open"]
[Site "Kalamaria GRE"]
[Date "2009.08.22"]
[Round "1"]
[White "Iotov,V"]
[Black "Frigieri,F"]
[Result "1/2-1/2"]
[WhiteElo "2603"]
[BlackElo "2114"]

1.d4 d5 2.Nf3 c6 3.c4 e6 4.e3 Nf6 5.Nc3 Nbd7 6.Bd3 dxc4 7.Bxc4 b5 8.Bd3 a6
9.e4 c5 10.e5 cxd4 11.Nxb5 Rb8 12.exf6 axb5 13.Bf4 Rb6 14.Rc1 e5 15.Nxe5 Nxe5
16.Bxe5 Re6 17.O-O Rxe5 18.Bxb5+ Bd7 19.Re1 gxf6 20.Qxd4 Be7 21.Rxe5 fxe5
22.Qxe5 O-O 23.Bd3 Bf6 24.Qe4 Re8 25.Qxh7+ Kf8 26.Qh6+ Bg7 27.Qd6+ Kg8 28.Bc4 Re7
29.b4 Qe8 30.Qd2 Re4 31.Bd3 Rd4 32.a3 Bf5 33.Qe2  1/2-1/2

[Event "5th Geller Mem Open A"]
[Site "Odessa UKR"]
[Date "2009.08.22"]
[Round "3"]
[White "Matjushin,G"]
[Black "Pavlov,Ma"]
[Result "1/2-1/2"]
[WhiteElo "2480"]
[BlackElo "2371"]

1.Nf3 d5 2.d4 Nf6 3.c4 c6 4.Nc3 e6 5.e3 Nbd7 6.Qc2 Bd6 7.Bd3 O-O 8.O-O dxc4
9.Bxc4 a6 10.Rd1 b5 11.Be2 Qc7 12.Ne4 Nxe4 13.Qxe4 Nf6 14.Qh4 c5 15.dxc5 Bxc5
16.b3 Bb7 17.Bb2 Qe7 18.a4 b4 19.Bxf6 Qxf6 20.Qxf6 gxf6 21.Rac1 Rfc8 22.Ne1 Bf8
23.Bf3 Bxf3 24.Nxf3 f5 25.Nd4 Rc3 26.Rxc3  1/2-1/2

[Event "Open A"]
[Site "Panevezys LTU"]
[Date "2009.08.22"]
[Round "8"]
[White "Tsiganova,M"]
[Black "Vanagas,T"]
[Result "0-1"]
[WhiteElo "2190"]
[BlackElo "1860"]

1.d4 d5 2.Nf3 Nf6 3.c4 c6 4.Nc3 e6 5.e3 Nbd7 6.Qc2 Be7 7.Bd3 dxc4 8.Bxc4 b5
9.Bd3 Bb7 10.O-O a6 11.e4 c5 12.e5 Nd5 13.Be4 Nb4 14.Qe2 Bxe4 15.Qxe4 Nb6
16.dxc5 Bxc5 17.Qg4 Qc7 18.Ne4 Nc4 19.Nxc5 Qxc5 20.b3 Nc2 21.Qe4 Nb6 22.Rb1 Rc8
23.Qg4 Kf8 24.Bb2 Qb4 25.Qh5 h6 26.Rfd1 g6 27.Qh3 Kg7 28.Rd6 Nd5 29.Rxd5 exd5
30.e6+ f6 31.Qg3 Rhe8 32.Nh4 Qe4 33.f3 Qe3+ 34.Kh1 Qxe6 35.Qxg6+ Kf8 36.Qxh6+ Ke7
37.h3 Kd7 38.Bxf6 Rf8 39.Qh7+ Rf7 40.Bg7 d4 41.Rc1 Nb4 42.Rxc8 Kxc8 43.Qh8+ Kb7
44.Bxd4 Nxa2 45.Be5 Qc8 46.Qh6 Qc1+ 47.Qxc1 Nxc1 48.b4 Nd3 49.Ng6 Nxe5 50.Nxe5 Rf5
51.Ng4 a5 52.bxa5 b4 53.Ne3 Rxa5 54.Kh2 b3 55.Nc4 Rc5 56.Nb2 Rc2 57.Na4 Kc6  0-1

[Event "16th Vienna Open"]
[Site "Vienna AUT"]
[Date "2009.08.22"]
[Round "8"]
[White "Schroll,G"]
[Black "Thompson,I"]
[Result "1/2-1/2"]
[WhiteElo "2400"]
[BlackElo "2242"]

1.c4 e6 2.Nc3 d5 3.d4 c6 4.e3 Nf6 5.Nf3 Nbd7 6.Qc2 Bd6 7.b3 O-O 8.Be2 b6
9.O-O Bb7 10.e4 dxe4 11.Nxe4 Nxe4 12.Qxe4 Qe7 13.Bd3 f5 14.Qe2 h6 15.Bb2 Rae8
16.c5 bxc5 17.Ba6 Ba8 18.Rfe1 cxd4 19.Nxd4 e5 20.Nxc6 Qg5 21.g3 f4 22.b4 Kh8
23.Rad1 fxg3 24.hxg3 Re6 25.Bb5 Nb6 26.Bc1 Qf6 27.Bb2 Bxc6 28.Bxc6 Bxb4 29.Bxe5 Rxe5
30.Qxe5 Qxf2+ 31.Kh1 Bxe1 32.Rxe1 Qxa2 33.Bg2 Qf7 34.Rc1 Qf5 35.Qxf5 Rxf5
36.Rc7 Rh5+ 37.Kg1 Rg5 38.Kf2 Rf5+ 39.Kg1 Rg5 40.Kf2 Rf5+ 41.Kg1 Ra5 42.Be4 Kg8
43.Kf2 Kf8 44.g4 Nd5 45.Bxd5 Rxd5 46.Rxa7 Re5 47.Kg3 Re7 48.Ra6 Kf7 49.Rb6 Re6
50.Rb3 Kg6 51.Ra3 Rb6  1/2-1/2

[Event "XI Sants Open"]
[Site "Barcelona ESP"]
[Date "2009.08.23"]
[Round "3"]
[White "Arias Boo,G"]
[Black "Cuartas,Ja"]
[Result "0-1"]
[WhiteElo "2323"]
[BlackElo "2521"]

1.d4 d5 2.c4 c6 3.Nf3 Nf6 4.Nc3 e6 5.e3 Nbd7 6.Qc2 Bd6 7.Bd3 dxc4 8.Bxc4 b5
9.Be2 Bb7 10.a3 O-O 11.O-O a6 12.b4 a5 13.Rb1 axb4 14.axb4 Qe7 15.Qb3 Rfd8
16.h3 e5 17.Re1 e4 18.Nd2 Nb6 19.f3 exf3 20.Bxf3 Nbd5 21.e4 Nxc3 22.Qxc3 Nd5
23.Qb3 Ra4 24.Ba3 Nf4 25.Nf1 Bb8 26.d5 Ng6 27.dxc6 Bxc6 28.Qc3 Be8 29.Bb2 Be5
30.Qc5 Bd6 31.Qc3 f6 32.Rec1 Rxb4 33.Ne3 Be5 34.Qc2 Qa7 35.Re1 Bg3 36.Kh1 Bxe1
37.Rxe1 Bf7 38.Nd5 Rc4 39.Qb3 Qa4 40.Qe3 Qa6 41.Ra1 Qd6 42.Ra7 Qc5 43.Qxc5 Rxc5
44.Rb7 Rcc8 45.Rxb5 Rb8 46.Rxb8 Rxb8 47.Bd4 Ne5 48.Bxe5 fxe5 49.Ne7+ Kf8
50.Nf5 Be6 51.Ng3 g6 52.Kg1 Rb2 53.Nf1 Ke7 54.Kh2 Kd6 55.Kg3 Kc5  0-1

[Event "XI Sants Open"]
[Site "Barcelona ESP"]
[Date "2009.08.23"]
[Round "3"]
[White "Krasenkow,M"]
[Black "Fernandez Aguado,E"]
[Result "1-0"]
[WhiteElo "2631"]
[BlackElo "2340"]

1.Nf3 d5 2.d4 Nf6 3.c4 e6 4.Nc3 c6 5.e3 Nbd7 6.Qc2 Bd6 7.g4 h6 8.h3 e5 9.cxd5 cxd5
10.dxe5 Nxe5 11.Nxe5 Bxe5 12.Bg2 O-O 13.O-O Be6 14.f4 Bxc3 15.bxc3 Rc8 16.Bb2 Qb6
17.Rfe1 d4 18.exd4 Qxd4+ 19.Qf2 Qxf2+ 20.Kxf2 Rfd8 21.a4 Rd2+ 22.Re2 Rcd8
23.Bc1 Rxe2+ 24.Kxe2 Bc4+ 25.Kf2 Rd1 26.Bf3 Rd3 27.Ra3 Bd5 28.c4 Ne4+ 29.Ke1 Rxa3
30.Bxa3 Bc6 31.a5 a6 32.Ke2 f5 33.Ke3 g6 34.Kd4 Kf7 35.gxf5 gxf5 36.Ke5 Kg6
37.h4 h5 38.Bb4 Bd7 39.Bd1 Bc6 40.Ke6 Be8 41.Ke7 Bf7 42.Be2 Nf2 43.Kd7 Nh3
44.Kc8 Nxf4 45.Bf1 Be8 46.Kxb7 Ne6 47.c5 Nd8+ 48.Kxa6 Bc6 49.Kb6 Be4 50.Bb5 f4
51.c6  1-0

[Event "5th Gazi Open"]
[Site "Heraklion GRE"]
[Date "2009.08.23"]
[Round "3"]
[White "Lirindzakis,T"]
[Black "Pappas,K"]
[Result "1/2-1/2"]
[WhiteElo "2344"]
[BlackElo "2091"]

1.d4 d5 2.c4 e6 3.Nc3 Nf6 4.Nf3 c6 5.e3 Nbd7 6.Bd3 b6 7.O-O Bb7 8.b3 Be7
9.Bb2 O-O 10.e4 dxe4 11.Nxe4 c5 12.Qe2 Nxe4 13.Bxe4 Bxe4 14.Qxe4 Bf6 15.Rad1 Qc7
16.Rd2 cxd4 17.Bxd4 Nc5 18.Qe3 Bxd4 19.Rxd4 Rad8 20.Rfd1 a5 21.Qd2 Rxd4 22.Qxd4 f6
23.Ne1 Rc8 24.Nc2 Kf7 25.Na3 Qe7 26.Nb5 Rb8 27.f4 g6 28.h3 Kg7 29.Qd6 Qxd6
30.Rxd6 Kf7 31.Kf1 Ke7 32.Ke2 Rb7 33.Rc6 Kd7 34.Rd6+ Ke7 35.Rc6  1/2-1/2

[Event "5th Geller Mem Open A"]
[Site "Odessa UKR"]
[Date "2009.08.23"]
[Round "4"]
[White "Mirzoev,E"]
[Black "Litvak,M"]
[Result "0-1"]
[WhiteElo "2026"]
[BlackElo "2270"]

1.d4 d5 2.c4 c6 3.e3 Nf6 4.Nc3 e6 5.Nf3 Nbd7 6.Be2 dxc4 7.a4 Bd6 8.Bxc4 O-O
9.O-O e5 10.Ba2 Qe7 11.Bb1 Re8 12.Re1 h5 13.Bd2 e4 14.Ng5 Bxh2+ 15.Kf1 b6
16.g3 Ng4 17.Ncxe4 Ndf6 18.f3 Nxe4 19.Nxe4 f5 20.fxg4 fxe4 21.Kg2 Bxg3 22.Kxg3 Bxg4
23.Ba2+ Kh7 24.Qc1 Qd6+ 25.Kg2 Bf3+ 26.Kh3 Qd7+ 27.Kh2 Qg4 28.Re2 Qh4+ 29.Kg1 Qh1+  0-1

[Event "24th Open"]
[Site "Schwarzach AUT"]
[Date "2009.08.23"]
[Round "9"]
[White "Marcelin,C"]
[Black "Doric,N"]
[Result "1/2-1/2"]
[WhiteElo "2498"]
[BlackElo "2344"]

1.d4 d5 2.c4 c6 3.Nc3 e6 4.e3 Nf6 5.Nf3 a6 6.c5 b6 7.cxb6 Nbd7 8.Bd3 c5 9.O-O Qxb6
10.b3 Bd6 11.Na4 Qb8 12.Ba3 cxd4 13.Bxd6 Qxd6 14.exd4 Bb7 15.Rc1 Bc6 16.Nc5 Bb5
17.Re1 Bxd3 18.Qxd3 O-O 19.Ne5 a5 20.Rc2 Rfc8 21.Nexd7 Nxd7 22.Rec1 Nxc5
23.Rxc5 Rxc5 24.Rxc5 g6 25.Qc3 Qb6 26.g3 h5 27.Kg2 Kg7 28.Qe3 Qd6 29.Qe1 Qd8
30.Qe5+ Qf6 31.f4 Qxe5 32.fxe5 g5 33.Kf3 f6 34.exf6+ Kxf6 35.Ke3 Kf5 36.h3 Ra6
37.Rc2 Ra8 38.Rf2+ Kg6 39.Kd3 Rc8 40.Rf1 Rc7 41.a3 Rb7 42.Kc3 Rc7+ 43.Kb2 Rb7
44.Rf8 Kg7 45.Rf3 Kg6 46.Rf1 Rb8 47.a4 Rb4 48.Kc3 Rb8 49.Re1 Kf6 50.Re5 h4
51.gxh4 gxh4 52.Rh5 Rg8 53.Rxh4 Rg3+ 54.Kc2 Rg2+ 55.Kc3 Rg3+ 56.Kc2  1/2-1/2

[Event "16th Vienna Open"]
[Site "Vienna AUT"]
[Date "2009.08.23"]
[Round "9"]
[White "Singer,Ri"]
[Black "Rabus,B"]
[Result "1/2-1/2"]
[WhiteElo "2284"]
[BlackElo "2199"]

1.d4 d5 2.Nf3 Nf6 3.c4 c6 4.e3 e6 5.Nc3 Nbd7 6.Qc2 Bd6 7.b3 O-O 8.Be2 e5
9.O-O Re8 10.Rd1 exd4 11.exd4 h6 12.Bd3 Nf8 13.h3 Ne6 14.cxd5 Nxd5 15.Nxd5 cxd5
16.Re1 Bd7 17.Bb2 Rc8 18.Qd2 Nf4 19.Rxe8+ Qxe8 20.Ne5 Nxd3 21.Qxd3 f6 22.Nxd7  1/2-1/2

[Event "16th Vienna Open"]
[Site "Vienna AUT"]
[Date "2009.08.23"]
[Round "9"]
[White "Trkulja,G"]
[Black "Mlynek,P"]
[Result "1/2-1/2"]
[WhiteElo "2323"]
[BlackElo "2205"]

1.d4 d5 2.c4 c6 3.Nf3 e6 4.e3 Nf6 5.Nc3 Nbd7 6.Qc2 a6 7.c5 e5 8.Be2 e4 9.Nd2 Be7
10.f3 exf3 11.Nxf3 O-O 12.O-O Re8 13.Bd3 Nf8 14.Bd2 Bg4 15.Ne5 Bh5 16.Na4 Bg6
17.Nxg6 hxg6 18.Nb6 Ra7 19.Ba5 Qb8 20.Be1 Bd8 21.Bg3 Bc7 22.Bxc7 Qxc7 23.Qe2 N8d7
24.Na4 Raa8 25.Qf3 Re7 26.Rae1 Rae8 27.Nc3 Nf8 28.h4 Qd7 29.Re2 N8h7 30.b4 Ng4
31.Nd1 Nhf6 32.Rfe1 Ne4 33.Bxe4 Rxe4 34.Nc3 R4e7 35.e4 dxe4 36.Rxe4 Qxd4+
37.Rxd4 Rxe1+ 38.Qf1 Rxf1+ 39.Kxf1 Ne3+ 40.Kf2 Re7 41.Ne4 Nd5 42.Nd6 f5 43.a4 Nc3
44.Nc8 Rc7 45.Rd8+ Kf7 46.Ke3 Ke6 47.Nb6 Na2 48.Rd4 Nc3 49.Rd6+ Kf7 50.a5 Re7+
51.Kf3 Ne4 52.Rd3 Nf6 53.Nc8 Re4 54.Nd6+ Ke7 55.b5 cxb5 56.Nxb7 Rc4 57.Rd6 Ne4
58.Rxa6 Nxc5 59.Nxc5 Rxc5 60.Rxg6 Kf7 61.Rb6 b4 62.a6 Ra5 63.Kf4 b3 64.Kg5 b2
65.Rxb2 Rxa6 66.Rb7+ Kg8 67.Kxf5 Kh7 68.Rb4 Rf6+ 69.Kg4 Rf2 70.g3 Ra2 71.h5 Ra6
72.Kg5 Ra5+ 73.Kh4 Ra6 74.g4 Ra1 75.Rb8 Ra4 76.Rb7 Kh6 77.Rb3 Rc4 78.Rb6+ Kh7
79.Rb5 Kh6 80.Rb6+ Kh7 81.Rb5 Kh6  1/2-1/2

[Event "43rd Open"]
[Site "Mislata ESP"]
[Date "2009.08.24"]
[Round "1"]
[White "Del Rio de Angelis,S"]
[Black "Lopez Benavent,L"]
[Result "1-0"]
[WhiteElo "2560"]
[BlackElo "1887"]

1.d4 e6 2.c4 d5 3.Nc3 c6 4.e3 Nf6 5.Nf3 Nbd7 6.Qc2 Be7 7.Bd3 c5 8.b3 cxd4
9.exd4 a6 10.O-O O-O 11.c5 Nb8 12.a3 Nc6 13.b4 b5 14.Bf4 Re8 15.Rfe1 Bf8
16.h3 h6 17.Qb3 Bb7 18.a4 bxa4 19.Rxa4 Ne4 20.Nxe4 dxe4 21.Bxe4 g5 22.Be3 Rb8
23.Rd1 Qe7 24.d5 exd5 25.Bxd5 Na7 26.Bxb7 Qxb7 27.Qd3 Red8 28.Qxd8 Rxd8 29.Rxd8 Nc6
30.Rd1 Bg7 31.Ra2 Kh7 32.Rad2 Qxb4 33.Rd6 Ne5 34.Nxe5 Bxe5 35.Rxa6 Qb3 36.Rc1 Bb2
37.Rb6 Qa2 38.Rxb2 Qxb2 39.c6 Qb8 40.c7 Qc8 41.Bd4 Kg6 42.Rc6+ Kf5 43.f3 g4
44.h4 Kf4 45.Rf6+  1-0

[Event "XXI Festival Open A"]
[Site "Porto San Giorgio ITA"]
[Date "2009.08.25"]
[Round "5"]
[White "Maiorov,N1"]
[Black "Ranieri,F"]
[Result "1-0"]
[WhiteElo "2513"]
[BlackElo "2264"]

1.d4 d5 2.c4 e6 3.Nf3 c6 4.e3 Nf6 5.Nc3 a6 6.Qc2 c5 7.cxd5 exd5 8.Be2 Nc6
9.Ne5 Qc7 10.Nxc6 Qxc6 11.O-O Be6 12.dxc5 Qxc5 13.Bd2 Bd6 14.Rac1 O-O 15.Qb1 Qb4
16.g3 Ne4 17.Rfd1 Nxd2 18.Rxd2 Be5 19.a3 Qa5 20.b4 Qxa3 21.Ra2 Qxc3 22.Rxc3 Bxc3
23.Bd3 g6 24.h4 Rac8 25.Ra3 Rc7 26.b5 a5 27.b6 Rc5 28.h5 Bg7 29.hxg6 fxg6
30.Kg2 d4 31.Be4 dxe3 32.Rxe3 Rfc8 33.Bxb7 Rc1 34.Qe4 Re8 35.Bd5  1-0

[Event "43rd Open"]
[Site "Mislata ESP"]
[Date "2009.08.26"]
[Round "4"]
[White "Gomez Ledo,R"]
[Black "Torres Sanchez,J"]
[Result "1-0"]
[WhiteElo "2404"]
[BlackElo "2322"]

1.d4 d5 2.c4 c6 3.Nc3 Nf6 4.e3 e6 5.Nf3 Nbd7 6.Qc2 Bd6 7.b3 O-O 8.Be2 Qe7
9.O-O e5 10.cxd5 e4 11.Nd2 cxd5 12.Nb5 Bb4 13.a3 Ba5 14.a4 Bb4 15.Ba3 Bxa3
16.Nxa3 a6 17.Rfc1 Re8 18.Qc7 Nf8 19.Qxe7 Rxe7 20.a5 Ne8 21.b4 g5 22.Nb3 f5
23.Nc5 Nd6 24.Bd1 Nd7 25.Bb3 Nf6 26.Na4 Be6 27.Nb6 Rd8 28.Rc5 Nde8 29.Rac1 Kf8
30.Nb1 Nd7 31.Nxd7+ Rexd7 32.Nc3 Rd6 33.Na4 Bd7 34.Nb6 Bc6 35.Ba4 Bxa4 36.Nxa4 Ke7
37.b5 axb5 38.Rxb5 R6d7 39.Rcb1 Rc7 40.Rxb7 Ra8 41.R7b5 Nf6 42.Nc5 Nd7 43.Rb7 Kd6
44.Rxc7 Kxc7 45.Ne6+ Kd6 46.Nxg5 h6 47.Nf7+ Ke6 48.Nxh6 Rh8 49.Rc1 Nb8 50.a6  1-0

[Event "Open"]
[Site "Bratto ITA"]
[Date "2009.08.27"]
[Round "7"]
[White "Skembris,S"]
[Black "Damia,A"]
[Result "1/2-1/2"]
[WhiteElo "2452"]
[BlackElo "2291"]

1.d4 d5 2.c4 c6 3.Nf3 Nf6 4.Nc3 e6 5.e3 Nbd7 6.Qc2 Bd6 7.b3 O-O 8.Be2 a6
9.a4 b6 10.O-O Bb7 11.e4 e5 12.dxe5 Nxe5 13.exd5 cxd5 14.Nxd5 Nxd5 15.cxd5 Bxd5
16.Ng5 Ng6 17.Rd1 Qf6 18.Rxd5 Qxa1 19.Rxd6 Rac8 20.Rc6 Rxc6 21.Qxc6 h6 22.Ne4 Ne7
23.Qc2 Rc8 24.Bc4 b5 25.axb5 axb5 26.Nd6 Ra8 27.Nxb5 Ra2 28.Qd1 Qf6 29.Qe1 Ra1
30.Qd2 Ng6 31.Bf1 Nh4 32.Nc3 Qg6 33.Qd8+ Kh7 34.Qxh4 Rxc1 35.Ne4 Rb1 36.b4 Qb6
37.Qh5 Qxb4 38.Ng5+ Kh8 39.Nxf7+ Kg8 40.Nxh6+ gxh6 41.Qg6+ Kh8 42.Qxh6+ Kg8
43.Qg5+ Kh7 44.Qf5+ Kg7 45.Qe5+ Kf7 46.g3 Qe1 47.Qxe1 Rxe1 48.Kg2 Re7 49.h4 Kf6
50.Bd3 Rd7 51.Be4 Ke5 52.Bb1 Rd1 53.f4+ Kd4 54.Bg6 Ke3 55.f5 Ke4 56.f6+ Ke5
57.f7 Rd8 58.g4 Kf6 59.Bh5 Kg7 60.g5 Rh8  1/2-1/2

[Event "XXVI Open A"]
[Site "Collado Villalba ESP"]
[Date "2009.08.27"]
[Round "7"]
[White "Bote,V"]
[Black "Montanes Arribas,A"]
[Result "0-1"]
[WhiteElo "2190"]
[BlackElo "2091"]

1.c4 c6 2.Nc3 d5 3.d4 Nf6 4.e3 e6 5.Nf3 Nbd7 6.Qc2 Bd6 7.g4 Bb4 8.Bd2 Qe7
9.Rg1 Bxc3 10.Bxc3 Ne4 11.O-O-O Nxc3 12.Qxc3 O-O 13.Kb1 dxc4 14.Bxc4 b5 15.Be2 Bb7
16.Ne5 Nxe5 17.dxe5 Rfd8 18.Rd4 a6 19.Rgd1 Rxd4 20.Rxd4 c5 21.Rd6 Be4+ 22.Bd3 Bxd3+
23.Qxd3 g6 24.Qe4 Rd8 25.Qc6 Rf8 26.Qxc5 Qh4 27.f4 Qxg4 28.Rxa6 Qg1+ 29.Kc2 Qxh2+
30.Kb3 Qe2 31.Qd4 Rc8 32.Rc6 Rf8 33.Rc2 Qf1 34.a3 h5 35.Qe4 Kg7 36.Qg2 Qd3+
37.Rc3 Qd1+ 38.Ka2 b4 39.axb4 Qa4+ 40.Kb1 Qxb4 41.Qg5 Rb8 42.Qf6+ Kg8 43.Kc2 Qxb2+
44.Kd3 Qb1+ 45.Kd4 Qd1+ 46.Rd3 Qa4+  0-1

[Event "43rd Open"]
[Site "Mislata ESP"]
[Date "2009.08.27"]
[Round "5"]
[White "Gomez Ledo,R"]
[Black "Komljenovic,D"]
[Result "1/2-1/2"]
[WhiteElo "2404"]
[BlackElo "2431"]

1.d4 d5 2.c4 c6 3.Nc3 Nf6 4.e3 e6 5.Nf3 Nbd7 6.Qc2 Bd6 7.b3 O-O 8.Be2 b6
9.O-O Bb7 10.Bb2 Rc8 11.e4 dxe4 12.Nxe4 Nxe4 13.Qxe4 Nf6 14.Qh4 c5 15.Rad1 Qe7
16.Rfe1 cxd4  1/2-1/2

[Event "5th Geller Mem Open A"]
[Site "Odessa UKR"]
[Date "2009.08.27"]
[Round "8"]
[White "Truskavetsky,A"]
[Black "Matjushin,G"]
[Result "1/2-1/2"]
[WhiteElo "2385"]
[BlackElo "2480"]

1.d4 Nf6 2.c4 c6 3.Nc3 d5 4.Nf3 e6 5.e3 a6 6.Be2 dxc4 7.Bxc4 b5 8.Bd3 e5
9.O-O Bb7 10.Qe2 Nbd7 11.Rd1 Qb8  1/2-1/2

[Event "XI Sants Open"]
[Site "Barcelona ESP"]
[Date "2009.08.28"]
[Round "8"]
[White "Strunski,A"]
[Black "Lemos,D"]
[Result "0-1"]
[WhiteElo "2413"]
[BlackElo "2511"]

1.d4 d5 2.c4 c6 3.Nc3 Nf6 4.Nf3 e6 5.e3 Nbd7 6.Qc2 Bd6 7.e4 e5 8.cxd5 cxd5
9.Bg5 dxe4 10.dxe5 exf3 11.exd6 O-O 12.gxf3 Qa5 13.Rg1 Re8+ 14.Be2 b5 15.Be3 Ba6
16.Rd1 Re6 17.Rd4 b4 18.Qa4 Qh5 19.Qxa6 bxc3 20.bxc3 Qxh2 21.Rg5 Rae8 22.Qxa7 h6
23.Rb5 Rxe3 24.fxe3 Qg1+ 25.Kd2 Qxe3+ 26.Kc2 Qxe2+  0-1

[Event "9th UIL&UL GM"]
[Site "Dahka BAN"]
[Date "2009.08.28"]
[Round "9"]
[White "Neelotpal,D"]
[Black "Barua,D"]
[Result "1/2-1/2"]
[WhiteElo "2474"]
[BlackElo "2473"]

1.d4 d5 2.Nf3 Nf6 3.c4 e6 4.Nc3 c6 5.e3 Bd6 6.Bd3 Nbd7 7.e4 dxe4 8.Nxe4 Nxe4
9.Bxe4 Bb4+ 10.Bd2 Qa5 11.O-O Bxd2 12.Nxd2 O-O 13.Bc2 e5 14.Ne4 exd4 15.Qxd4 Qe5
16.Rad1 c5 17.Qd3 g6 18.Qa3 Nb6 19.f4 Qg7 20.b4  1/2-1/2

[Event "43rd Open"]
[Site "Mislata ESP"]
[Date "2009.08.28"]
[Round "6"]
[White "Varley,P"]
[Black "Fernandez Cardoso,A"]
[Result "0-1"]
[WhiteElo "2280"]
[BlackElo "2419"]

1.d4 d5 2.c4 c6 3.e3 Nf6 4.Nc3 e6 5.Nf3 Nbd7 6.Bd3 dxc4 7.Bxc4 b5 8.Bd3 Bd6
9.e4 e5 10.O-O O-O 11.d5 cxd5 12.Nxb5 Nc5 13.Nxd6 Qxd6 14.Bc2 Ncxe4 15.Re1 Rd8
16.b4 Bb7 17.Bb2 d4 18.Bd3 Nxf2 19.Kxf2 e4 20.Nxd4 Qf4+ 21.Kg1 Ng4 22.Qxg4 Qxg4
23.Bf1 e3 24.h3 Qf4 25.Ne2 Qf2+ 26.Kh2 Rd5 27.Bc3 Rg5  0-1

[Event "XI Sants Open"]
[Site "Barcelona ESP"]
[Date "2009.08.29"]
[Round "9"]
[White "Cruz,Cr"]
[Black "Lanzani,M"]
[Result "1-0"]
[WhiteElo "2525"]
[BlackElo "2361"]

1.d4 d5 2.c4 c6 3.Nc3 e6 4.e3 Nf6 5.Nf3 a6 6.b3 c5 7.cxd5 exd5 8.Be2 cxd4
9.Nxd4 Bb4 10.Bd2 Nc6 11.Nxc6 bxc6 12.Na4 Bd6 13.Rc1 Ne4 14.Bf3 a5 15.Bxe4 dxe4
16.Rxc6 Qg5 17.g3 Be7 18.Nb6 Bg4 19.Qc2 Rd8 20.Qxe4 O-O 21.f3 Bf5 22.Qf4 Qh5
23.Nc4 Bh3 24.Kf2 Rfe8 25.Bc3 Qd5 26.Qe5 Qxe5 27.Bxe5 Be6 28.Rc1 Bxc4 29.R1xc4 Rd2+
30.Kg1 Rxa2 31.Rc8  1-0

[Event "57th ch-HUN w"]
[Site "Eger HUN"]
[Date "2009.08.29"]
[Round "9"]
[White "Csatari,M"]
[Black "Papp,P"]
[Result "1/2-1/2"]
[WhiteElo "2117"]
[BlackElo "2159"]

1.d4 d5 2.Nf3 Nf6 3.c4 e6 4.Nc3 c6 5.e3 Nbd7 6.Bd3 dxc4 7.Bxc4 b5 8.Bd3 a6
9.O-O Bb7 10.Qe2 c5 11.Rd1 Qb6 12.b3 cxd4 13.exd4 Be7 14.Bg5 h6 15.Bh4 O-O
16.d5 Bb4 17.dxe6 Bxc3 18.Rac1 fxe6 19.Rxc3 Nd5 20.Qe4 N7f6 21.Bxf6 Nxf6
22.Qd4 Qxd4 23.Nxd4 Nd5 24.Rcc1 Nf4 25.Bf1 e5 26.Nc6 Bxc6 27.Rxc6 Rf6 28.Rc7 Rf7
29.Rc5 Re7 30.g3 Nh5 31.Rdd5 Rae8  1/2-1/2

[Event "3rd NH Chess Tournament"]
[Site "Amsterdam NED"]
[Date "2009.08.30"]
[Round "9"]
[White "Ljubojevic,L"]
[Black "Smeets,J"]
[Result "1/2-1/2"]
[WhiteElo "2553"]
[BlackElo "2632"]

1.d4 d5 2.Nf3 Nf6 3.c4 c6 4.Nc3 e6 5.e3 Nbd7 6.Bd3 dxc4 7.Bxc4 b5 8.Bd3 Bd6
9.Qc2 Bb7 10.a4 b4 11.Ne4 Nxe4 12.Bxe4 Rc8 13.Qe2 Qc7 14.O-O c5 15.Bxb7 Qxb7
16.Qb5 Rc7 17.dxc5  1/2-1/2

[Event "XIX EYCC Boys U16"]
[Site "Fermo ITA"]
[Date "2009.09.01"]
[Round "2"]
[White "Davi,A"]
[Black "Mraz,Ma"]
[Result "1-0"]
[WhiteElo "2027"]
[BlackElo "1813"]

1.d4 d5 2.c4 c6 3.Nc3 Nf6 4.e3 e6 5.Nf3 Nbd7 6.Bd3 dxc4 7.Bxc4 b5 8.Bd3 b4
9.Ne2 Bb7 10.O-O c5 11.Ng3 Bd6 12.dxc5 Bxc5 13.e4 O-O 14.Qe2 Qb6 15.e5 Ng4
16.Bf4 Bd4 17.Bxh7+ Kxh7 18.Ng5+ Kg8 19.Qxg4 Rfc8 20.Qh5 Nxe5 21.Bxe5 Bxe5
22.Qh7+ Kf8 23.Rae1 Bxg3 24.hxg3 Qc6 25.Qh5 Kg8 26.Qh7+  1-0

[Event "4th Kolkata Open"]
[Site "Kolkata IND"]
[Date "2009.09.01"]
[Round "1"]
[White "Sandipan,C"]
[Black "Vishnu,P"]
[Result "1-0"]
[WhiteElo "2611"]
[BlackElo "2342"]

1.d4 d5 2.c4 c6 3.Nf3 Nf6 4.Nc3 e6 5.e3 Nbd7 6.Qc2 Bd6 7.b3 O-O 8.Be2 b6
9.Bb2 Bb7 10.O-O Qe7 11.Rad1 Rad8 12.Rfe1 Rfe8 13.e4 dxe4 14.Nxe4 Nxe4 15.Qxe4 Bb4
16.Rf1 Bd6 17.Bd3 f5 18.Qe2 c5 19.d5 exd5 20.Qxe7 Bxe7 21.cxd5 Bf6 22.Bc1 Bxd5
23.Bb5 a6 24.Bxa6 Bxf3 25.gxf3 Ne5 26.f4 Nf3+ 27.Kg2 Nd4 28.Bc4+ Kf8 29.a4 g6
30.Bb2 Re4 31.Bc1 Nc2 32.Kg3 Rxd1 33.Rxd1 Re1 34.Rxe1 Nxe1 35.Be3 Nc2 36.a5 bxa5
37.Bxc5+ Kg7 38.Kf3 Nd4+ 39.Ke3 Nc6 40.Bd5 Nb4 41.Bb7 Bd8 42.Kd4 Bc7 43.h3 h5
44.Kc4 h4 45.Be3 Kh6 46.Bf3 Nc2 47.Bd2 Kg7 48.Bd1 Nb4 49.Be2 Bb6 50.f3 Bc7
51.Kc5 Nc2 52.Bd3 Nb4 53.Bc4 Kh6 54.Kb5 Nc2 55.Kc5 Nb4 56.Bf1 Nc2 57.Kc6 Bd8
58.Kd5 Bc7 59.Bc4 Bb6 60.Kc6 Bd8 61.Bc3 Nb4+ 62.Kb5 Bc7 63.Be5 Bd8 64.Kc5 Nc2
65.Kc6 Ne1 66.Be2 Nc2 67.Kd7 Bb6 68.Bf6 Nd4 69.Bd1 Kh5 70.Kd6 Ba7 71.Kd5 Nb5
72.Be2 Nc7+ 73.Ke5 Ne8 74.Bd8 Bb8+ 75.Kd5 Nc7+ 76.Kd6 Nb5+ 77.Kc5 Nc3 78.Bc4 Bxf4
79.Bxa5 Nd1 80.b4 g5 81.b5 g4 82.fxg4+ fxg4 83.hxg4+ Kg5 84.Bd8+ Kg6 85.Bxh4 Ne3
86.Be6 Nd1 87.b6 Nb2 88.Bd8 Nd3+ 89.Kb5  1-0

[Event "XIX EYCC Girls U16"]
[Site "Fermo ITA"]
[Date "2009.09.02"]
[Round "3"]
[White "Vince,A"]
[Black "Bogdan,Ek"]
[Result "1-0"]
[WhiteElo "2092"]
[BlackElo "1943"]

1.Nf3 Nf6 2.c4 c6 3.Nc3 d5 4.d4 e6 5.e3 Nbd7 6.Bd3 dxc4 7.Bxc4 b5 8.Bd3 a6
9.e4 c5 10.e5 cxd4 11.Ne2 Nd5 12.Nexd4 Qc7 13.O-O Nxe5 14.Nxe5 Qxe5 15.Re1 Qc7
16.Be4 Bb7 17.Bxd5 Bxd5 18.Nxb5 Qa5 19.Nc7+ Qxc7 20.Qxd5 Rd8 21.Qe4 Bd6 22.g3 O-O
23.Be3 Be5 24.Rac1 Qa5 25.b4 Qd5 26.Bc5 Qxe4 27.Rxe4 Bd6 28.Bxd6 Rxd6 29.a4 Rfd8
30.Rc7 Kf8 31.Rec4 Ke8 32.Kf1 Rb6 33.Rf4 g5 34.Rfxf7 Rd2 35.Rce7+ Kd8 36.Ra7  1-0

[Event "XIX EYCC Boys U18"]
[Site "Fermo ITA"]
[Date "2009.09.02"]
[Round "3"]
[White "Janse,R"]
[Black "Palazzotto,G"]
[Result "1-0"]
[WhiteElo "2127"]
[BlackElo "1920"]

1.d4 d5 2.c4 c6 3.Nf3 Nf6 4.Nc3 e6 5.e3 Nbd7 6.Qc2 Bd6 7.b3 O-O 8.Bd3 a6
9.O-O h6 10.Re1 b5 11.e4 dxe4 12.Nxe4 Nxe4 13.Rxe4 Bb7 14.c5 Be7 15.Ne5 Nxe5
16.dxe5 Bxc5 17.Rg4 h5 18.Rg5 Bxf2+ 19.Kxf2 Qd4+ 20.Be3 Qxa1 21.Bh7+ Kh8
22.Rxh5 f5 23.Bg6+ Kg8 24.Bh7+ Kf7 25.Rxf5+ exf5 26.Qxf5+ Ke8 27.Bg6+ Rf7
28.Qxf7+ Kd8 29.Bb6+  1-0

[Event "4th Kolkata Open"]
[Site "Kolkata IND"]
[Date "2009.09.02"]
[Round "2"]
[White "Swapnil,SD"]
[Black "Hillarp Persson,T"]
[Result "1/2-1/2"]
[WhiteElo "2407"]
[BlackElo "2577"]

1.d4 Nf6 2.c4 e6 3.Nf3 d5 4.Nc3 c6 5.e3 Nbd7 6.Qc2 Bd6 7.b3 O-O 8.Be2 b6
9.O-O Bb7 10.Bb2 Qe7 11.Rad1 Rad8 12.Rfe1 Rfe8 13.Bf1 c5 14.cxd5 exd5 15.g3 a6
16.Bg2 Rc8 17.dxc5 Bxc5 18.Rc1 Ne4 19.Qd3 Ndf6 20.Nd4 Nxf2 21.Kxf2 Ng4+ 22.Kg1 Qf6
23.Nd1 Qh6 24.h3 Ne5 25.Qd2 Qg6 26.Rf1 Qxg3 27.Nf5 Qg6 28.Bd4 a5 29.Nc3 Rcd8
30.Ne2 Bb4 31.Qd1 Ba6 32.Kh1 Rd7 33.a4 h6 34.Kh2 Kh7 35.Kh1  1/2-1/2